| Поле | Инд. | ПП | Название | Значение |
|---|---|---|---|---|
| Тип записи | a | |||
| Библиографический уровень | m | |||
| 001 | Контрольный номер | 98241da6-96da-4d26-8766-987c8be744aa | ||
| 005 | Дата корректировки | 20140703155811.1 | ||
| 008 | Кодируемые данные | 070620 | ||
| 020 | a | ISBN | 0-19-513107-X | |
| c | Цена, тираж | 925.59 | ||
| 040 | a | Служба первич. каталог. | НБ ТвГУ | |
| 041 | a | Код языка текста | eng | |
| 080 | a | Индекс УДК | 1(436)(092)"19" | |
| a | Индекс УДК | 929Витгенштейн | ||
| 084 | a | Индекс другой классификации/Индекс ББК | Ю3(4Авс)61-63 | |
| 090 | x | Авторский знак | С36 | |
| a | Полочн. индекс | Ю3(4Авс) | ||
| 100 | 1_ | a | Автор | Cavell Stanley |
| 245 | 14 | a | Заглавие | The claim of reason |
| b | Продолж. заглавия | Wittgenstein, skepticism, morality, and tragedy | ||
| c | Ответственность | Stanley Cavell | ||
| 250 | a | Основные сведения об издании | New ed. | |
| 260 | 0_ | a | Место издания | Oxford |
| a | Место издания | New York | ||
| b | Издательство | Oxford university press | ||
| c | Дата издания | 1999 | ||
| 300 | a | Объем | XXVI, 511 p. | |
| c | Размеры | 24 cm. | ||
| 504 | a | Библиография | Bibliogr.: p. 497-501. - Ind.: p. 503-511. | |
| 583 | a | Действие | Получение впервые 150 20.06.2007 | |
| k | Исполнитель действия | Дар Оксфордско-Российского Фонда | ||
| 650 | a | Основная рубрика | Витгенштейн, Людвиг, о нем | |
| 650 | a | Основная рубрика | Философия | |
| x | Основная подрубрика | История | ||
| y | Хронологическая подрубрика | 20 в. | ||
| z | Географическая подрубрика | Австрия | ||
| 650 | a | Основная рубрика | Австрийская философия | |
| 653 | a | Ключевые слова | Витгенштейн | |
| a | Ключевые слова | Австрийская философия | ||
| a | Ключевые слова | История философии | ||
| a | Ключевые слова | Философия | ||
| a | Ключевые слова | Персоналии | ||
| a | Ключевые слова | Оксфордско-Российский фонд | ||
| 852 | t | Порядковый номер экземпляра | 1 | |
| p | Инвентарный номер | 877855 | ||
| 863 | t | 00175191 | ||
| 888 | a | Бесплатные | ||
| 930 | a | Новая/Ретро | иностр | |
| a | Новая/Ретро | англ | ||
| a | Новая/Ретро | персоналии | ||
| 952 | p | 150.2007 925.59 1 877855 | ||
| c | Вид литературы | К ин | ||
| 954 | a | Дата поступления на обработку | 20070928 | |
| 999 | a | Подразделение 2 | ч.з. |